Score 0/10 Timer 02:00
0 Plays Today
Scrambled Word Answer % Correct
PISHShip
98.2%
EDDADead
94.4%
UISTSuit
94%
RBPOEProbe
77.5%
YDSEOSYOdyssey
69.1%
LEDENENeedle
68.2%
TUHSTELShuttle
65.4%
Word in common with the above:Space
53.2%
ITANSTOStation
52.5%
BILUPCPublic
52%
Remove Ads.
Support Sporcle.
Get the best of Sporcle when you Go Orange. This ad-free experience offers more features, more stats, and more fun while also helping to support Sporcle. Thank you for becoming a member.

You're not logged in!

Compare scores with friends on all Sporcle quizzes.
OR
Log In

Show Comments

Extras

Top Quizzes Today


Score Distribution

Your Account Isn't Verified!

In order to create a playlist on Sporcle, you need to verify the email address you used during registration. Go to your Sporcle Settings to finish the process.

Report this User

Report this user for behavior that violates our Community Guidelines.

Details: